| 000 | 00375nam a2200145Ia 4500 | ||
|---|---|---|---|
| 008 | 150201s1992 xx 000 0 und d | ||
| 082 |
_a617.692 _bP1992B |
||
| 100 | _aBASKER,R.M. | ||
| 245 | _aPROSTHETIC TREATMENT OF THE EDENTULOUS | ||
| 250 | _a1 ST | ||
| 260 |
_bBLACKWELL SCIENCE PUB. _aEDINBURGH _c1992 |
||
| 300 | _a1-315 | ||
| 650 | _aPROSTHODONTICS | ||
| 942 |
_2ddc _cBK |
||
| 999 |
_c3201 _d3201 |
||